Embodying charisma : modernity, locality and the performance of emotion in Sufi cults

Αποθηκεύτηκε σε:
Λεπτομέρειες βιβλιογραφικής εγγραφής
Άλλοι συγγραφείς: Werbner, Pnina (Επιμελητής έκδοσης), Basu, Helene (Επιμελητής έκδοσης)
Μορφή: Βιβλίο
Γλώσσα:English
Δημοσίευση: London; New York : Routledge, 1998
Θέματα:
Ετικέτες: Προσθήκη ετικέτας
Δεν υπάρχουν, Καταχωρήστε ετικέτα πρώτοι!

MARC

LEADER 00000nam a2200000 i 4500
001 1/39155
008 030807s1998 eng d
020 |a 0-415-15100-7 
035 |l 10070571 
040 |a GR-MY-UA  |b gre  |e aacr 
041 0 |a eng 
082 0 |a 297.409049  |2 (21) 
245 1 0 |a Embodying charisma :  |b modernity, locality and the performance of emotion in Sufi cults /  |c edited by Pnina Werbner and Helene Basu 
260 |a London; New York :   |b Routledge,   |c 1998 
300 |a x, 243 σ.;  |b εικ., χαρτ.;  |c 24 εκ. 
504 |a Περιέχει βιβλιογραφία και ευρετήριο 
650 0 0 |a Sufism  |y 20th century. 
700 1 |a Werbner, Pnina.  |4 edt 
700 1 |a Basu, Helene.  |4 edt 
852 |a INST  |b LESVOS  |e 20030807  |h 297.409049 EMB  |p 005100026661  |q 005100026661  |t BK  |y 0 
901 |a BIBL1-2003-2 
909 |a Λ  |b 105820 
922 |a 1ΕΛΗ  |b 200307  |c ΕΠΕΑΕΚ2/ΤΚΑ  |d ΜΙΧΑΛΟΠΟΥΛΟΣ 
950 |a 117-2003-06-11 
970 |a ΚΑΡΑ  |b ΓΙΑΣΕΜΗ  |z 2003/08/29